000 00773nam a2200253 a 4500
001 BRCA_208
005 20190320202923.0
008 790917s1985 maua---##b---#000-0#eng-#
020 _a0878462546
040 _aDLC
_cDLC
_dDLC
050 4 _aN8560
_b.D64 1985
100 1 _aDolloff, Francis W.
_9726
245 1 0 _aHow to care for works of art on paper
_cby Francis W. Dolloff and Roy L. Perkinson.
250 _a4
260 _aBoston
_bMuseum of Fine Arts
_c1985
300 _a48 p.
_bil.
_c22 cm.
504 _aBibliografía: p. 46-48
650 1 4 _aDibujo
_xConservación y restauración
_9727
650 1 4 _aImpresión
_xConservación y restauración
_9728
650 1 4 _aCuadros y entramado
_9729
653 0 _aPapel
700 1 _aPerkinson, Roy L
_9730
942 _2lcc
_cB
999 _c170
_d170